Statystyki dla Rozpoznaj gwiazdę WWE po jej nickname`ie (Łatwy)

Kliknij tutaj aby rozwiązać quiz!

Ogólne statystyki

  • Ten quiz został rozwiązany 486 razy
  • Średni wynik to 9 z 15

Statystyki odpowiedzi

NicknameOdpowiedź% Poprawnych
The Big DogRoman Reigns
96%
The ManBecky Lynch
82%
The Rated R SuperstarEdge
82%
The Legend KillerRandy Orton
74%
The BossSasha Banks
71%
The Glorious OneRobert Roode
61%
The Punjabi PlayboyThe Great Khali
60%
DieselKevin Nash
57%
El ÍdoloAndrade
56%
The Nature GirlCharlotte Flair
52%
Charismatic EnigmaJeff Hardy
48%
The Big GuyRyback
48%
The One and OnlyRicochet
45%
The ArtistShinsuke Nakamura
41%
Five Feet of FuryAlexa Bliss
26%

Rozkład punktacji

Percentyl według liczby udzielonych odpowiedzi

Procent ludzi z każdym wynikiem

Twoja historia wyników

Nie rozwiązałeś tego quizu